00597nam a2200205Ia 4500003000900000008004100009040001300050040001300063041000800076100001500084245002400099250001200123260001000135260000900145300001000154490000700164942000700171999001700178952019600195IT-RoPAU120407s9999 xx 000 0 und d aIT-RoPAU cIT-RoPAU aita aEnzo Biagi aStoria del fascismo aFirenze aSadea c1964 c31 cm v13 cBK c23315d23315 00102ddc406945_70000000000000071aPAULUSbPAULUSd2012-04-11l0o945.7r2012-04-11 00:00:00w2012-04-11yBKzInserito da: Carla In data: 24 ottobre 2011 fondo: Via A.Severo 56 Progr:33491